Quiz o polsce - Statystyki

Ogólne statystyki
  • Ten quiz został rozwiązany 45 razy
  • Średni wynik to 12 z 15
Statystyki odpowiedzi
Hint Odpowiedź % Poprawnych
Ile województw jest w Polsce 16
97%
I stolica Polski Gniezno
97%
Z iloma krajami graniczy Polska podaj liczbę 7
95%
Najdłuższa rzeka Wisła
95%
Którego roku Polska weszła do NATO 1999
90%
Koziołki to symbol Poznania
90%
Największe jezioro w Polsce Śniardwy
85%
Najwyższy szczyt w Polsce Rysy
82%
Kto zdobył najwyższe miejsce polski na Eurowizji Edyta Górniak
77%
Autor tekstu Mazurka Dąbrowskiego Józef wybicki
74%
Największa polska wyspa Wolin
69%
Najgłębsze jezioro w Polsce Hańcza
67%
W którym roku powstał NSZZ Solidarność 1980
62%
1 prezydent polski Gabriel Narutowicz
49%
Jaka to piosenka To nie ja
49%
Nie znaleziono quizów pasujących do podanych kryteriów
Rozkład punktacji
Procent ludzi z każdym wynikiem
Percentyl według liczby udzielonych odpowiedzi
Twoja historia wyników
Nie rozwiązałeś tego quizu